Cero Sentimientos REMIX - Jon Z, Baby Rasta, Noriel, Darkiel... - Estadísticas

Estadísticas generales
  • Esta prueba ha sido intentada 38 veces
  • La puntuación promedio es 559 de 778
Estadísticas de respuestas
Letra % Correcto
A
100%
a
100%
ahora
89%
Ahora
89%
amo
89%
amor
89%
así
89%
Así
89%
con
89%
Con
89%
confía
89%
conmigo
89%
De
89%
de
89%
di
89%
el
89%
Ella
89%
ella
89%
en
89%
En
89%
enamoro
89%
es
89%
eso
89%
esta
89%
hombre
89%
juego
89%
La
89%
la
89%
le
89%
Le
89%
lo
89%
Maldito
89%
me
89%
Me
89%
mentí
89%
mi
89%
mintió
89%
mismo
89%
mujer
89%
no
89%
No
89%
Por
89%
por
89%
puta
89%
que
89%
se
89%
Se
89%
segunda
89%
so
89%
soy
89%
Soy
89%
también
89%
un
89%
una
89%
Una
89%
vino
89%
y
89%
Y
89%
yo
89%
Yo
89%
aprendí
78%
cabrón
78%
caí
78%
confianza
78%
corazón
78%
creo
78%
enchulo
78%
estas
78%
gracias
78%
hay
78%
jugo
78%
las
78%
Las
78%
Los
78%
los
78%
muero
78%
nací
78%
ni
78%
ninguna
78%
Ninguna
78%
otra
78%
pego
78%
Pero
78%
pero
78%
prostituto
78%
puto
78%
sea
78%
sentimientos
78%
si
78%
solo
78%
su
78%
toas
78%
todas
78%
aprende
67%
cartitas
67%
comprende
67%
culo
67%
culpa
67%
del
67%
den
67%
después
67%
Después
67%
día
67%
doña
67%
dos
67%
entiende
67%
enzorra
67%
esa
67%
escena
67%
escribo
67%
Escribo
67%
estoy
67%
fue
67%
hacen
67%
Hago
67%
hago
67%
hija
67%
hijueputa
67%
ignoro
67%
Les
67%
les
67%
llorar
67%
mai
67%
Mala
67%
mala
67%
mía
67%
nena
67%
noche
67%
novio
67%
obsesionen
67%
Pa
67%
pa
67%
pendeja
67%
poemas
67%
putas
67%
semanas
67%
tiro
67%
chocolates
56%
cogí
56%
cogió
56%
da
56%
diablas
56%
eyaculo
56%
gordas
56%
jugar
56%
meto
56%
nadie
56%
pendejo
56%
poder
56%
pues
56%
quiero
56%
quise
56%
rosas
56%
Son
56%
te
56%
tres
56%
antes
44%
cero
44%
claro
44%
comprometa
44%
deje
44%
dejen
44%
enchular
44%
Estar
44%
hablando
44%
hagan
44%
llamo
44%
marioneta
44%
meta
44%
misma
44%
pena
44%
slender
44%
tengo
44%
todo
44%
trucos
44%
uso
44%
ya
44%
caer
33%
chistosa
33%
Como
33%
como
33%
cuatro
33%
Cuatro
33%
demonios
33%
envió
33%
fatulo
33%
hable
33%
mañanero
33%
mas
33%
primeros
33%
queda
33%
quizo
33%
remix
33%
vaina
33%
vegetta
33%
vuelvo
33%
acero
22%
agarrar
22%
atrevida
22%
cara
22%
chamaquitas
22%
digo
22%
dinero
22%
donde
22%
era
22%
ganarles
22%
háblame
22%
hasta
22%
hecho
22%
hice
22%
iba
22%
mando
22%
mano
22%
pensaste
22%
pongo
22%
puso
22%
quedo
22%
sayan
22%
seis
22%
Sorry
22%
suponer
22%
venga
22%
venían
22%
acción
11%
cegueta
11%
chequeamos
11%
cuando
11%
cuarto
11%
Desde
11%
desespero
11%
Dicen
11%
enamoré
11%
enamore
11%
everyday
11%
fui
11%
fumamos
11%
goma
11%
grey
11%
grita
11%
hables
11%
Hacemos
11%
haze
11%
hizo
11%
hombres
11%
jugué
11%
limit
11%
malos
11%
mojan
11%
monta
11%
nunca
11%
paro
11%
pienso
11%
probarme
11%
quejo
11%
quiere
11%
rápido
11%
rencor
11%
seca
11%
seguir
11%
siempre
11%
solté
11%
somos
11%
tener
11%
texto
11%
threesomes
11%
tiene
11%
tuvo
11%
voy
11%
asomo
0%
Aveces
0%
Buscando
0%
chicho
0%
cien
0%
cisañero
0%
cromo
0%
cuero
0%
disque
0%
emociones
0%
iban
0%
palomo
0%
parece
0%
quiera
0%
quillo
0%
rapeliona
0%
relaciones
0%
sentimientos7
0%
sueltan
0%
tendrán
0%
toy
0%
vuelta
0%
No se encontraron pruebas coincidentes
Distribución de puntuación
Porcentaje de gente con cada puntuación
Porcentaje por número respondido
Historial de tus puntuaciones
No has intentado esta prueba.